As impurezas do branco (Record no. 116292)

MARC details
000 -LÍDER
campo de controle de tamanho fixo 00615 a2200217 4500
001 - NÚMERO DE CONTROLE
campo de controle 116292
020 ## - ISBN - INTERNATIONAL STANDARD BOOK NUMBER
ISBN - International Standard Book Number 9788535921106
020 ## - ISBN - INTERNATIONAL STANDARD BOOK NUMBER
Informação qualificadora broch.
041 ## - CÓDIGO DE IDIOMA
Código do idioma do texto/trilha sonora ou título diferente por
082 ## - CDD - CLASSIFICAÇÃO DECIMAL DE DEWEY
Número de Classificação P Year 8 869
040 ## - FONTE DA CATALOGAÇÃO
Instituição da catalogação original BR-PaFPA
Instituição que transcreveu o registro BR-PaFPA
Instituição que modificou o registro BR-BrIDEA
090 ## - NÚMERO DE CHAMADA LOCAL
Número de chamada (OCLC) (R); Número de chamada, CALL (RLIN) (NR) P Year 8 869
Número Cutter local (OCLC); Número de classificação do livro, CALL (RLIN) AND
100 ## - ENTRADA PRINCIPAL--NOME PESSOAL
Nome pessoal Andrade, Carlos Drummond de
Datas associadas ao nome 1902-1987
245 10 - TÍTULO
Título As impurezas do branco
Indicação de responsabilidade, etc. Carlos Drummond de Andrade ; posfácio Betina Bischof
260 ## - PUBLICAÇÃO, DISTRIBUIÇÃO, ETC.
Local de publicação, distribuição, etc. São Paulo, SP
Nome do editor, distribuidor, etc. Companhia das Letras
Data da publicação, distribuição, etc. 2012
300 ## - DESCRIÇÃO FÍSICA
Extensão 156 p.
Dimensões 21 cm
697 ## - ENTRADA DE ASSUNTO LOCAL--ENTIDADE COLETIVA (RLIN)
Nome corporativo ou nome da jurisdição Literatura Brasileira
697 ## - ENTRADA DE ASSUNTO LOCAL--ENTIDADE COLETIVA (RLIN)
Nome corporativo ou nome da jurisdição Poesia
856 ## - LOCALIZAÇÃO ELETRÔNICA E ACESSO
Uniform Resource Identifier <a href="000002/000002ab.jpg">000002/000002ab.jpg</a>
942 ## - ELEMENTOS DE ENTRADA ADICIONADOS (KOHA)
Tipo de material Koha Livros
Holdings
Situação do descarte Situação das perdas Fonte da classificação ou esquema de arquivamento na estante Situação física Não pode ser emprestado Biblioteca de origem Biblioteca atual Data de aquisição Total de empréstimos Número de chamada completo Código de barras Data de último acesso Data do preço efetivo Tipo de material Koha
    Classificação Decimal de Dewey     ECB - SUDOESTE ECB - SUDOESTE 16/01/2020   P Year 8 869 AND 00047550SSW 23/01/2024 23/01/2024 Livros
    Classificação Decimal de Dewey     ECB - SUDOESTE ECB - SUDOESTE 16/01/2020   P Year 8 869 AND 00047551SSW 23/01/2024 23/01/2024 Livros